Electric melting and holding furnaces in the ironfounding industry : [Proceedings of a symposium held at the] University of Technology, Loughborough, September 20-22, 1967.

Bibliographic Details
Corporate Authors: Conference on Electric Melting and Holding Furnaces in the Ironfounding Industry University of Technology, Loughborough, British Cast Iron Research Association, Loughborough University of Technology
Format: Conference Proceeding Book
Language:English
Published: Birmingham : British Cast Iron Research Association, 1968.
Subjects:

MARC

Tag First Indicator Second Indicator Subfields
LEADER 00000cam a2200000 4500
001 in00000093977
005 20150927070236.0
008 691008s1968 enkae b 10010 eng
010 |a  78418617  
015 |a B69-10583 
020 |a 0901000000  |c unpriced 
035 |a (OCoLC)00033983 
035 |9 AAL5830AM 
040 |a DLC  |c DLC  |d TXA  |d UtOrBLW 
049 |a TXAM  |c [921821] 
050 0 0 |a TN706  |b .C65 1967 
082 0 |a 672/.22 
111 2 |a Conference on Electric Melting and Holding Furnaces in the Ironfounding Industry  |d (1967 :  |c University of Technology, Loughborough) 
245 1 0 |a Electric melting and holding furnaces in the ironfounding industry :  |b [Proceedings of a symposium held at the] University of Technology, Loughborough, September 20-22, 1967. 
264 1 |a Birmingham :  |b British Cast Iron Research Association,  |c 1968. 
300 |a 464 pages :  |b illustrations, plans. ;  |c 31 cm. 
336 |a text  |b txt  |2 rdacontent 
337 |a unmediated  |b n  |2 rdamedia 
338 |a volume  |b nc  |2 rdacarrier 
504 |a Bibliography: pages 431-464. 
650 0 |a Electric furnaces  |x Congresses. 
650 0 |a Iron  |x Metallurgy  |v Congresses. 
650 0 |a Iron founding  |x Congresses. 
710 2 |a British Cast Iron Research Association. 
710 2 |a Loughborough University of Technology. 
999 |a MARS 
999 f f |s a355f0be-b9b9-34bf-89d5-94ecfe912779  |i 8b45500d-ab8b-3dc4-8a4c-2f89251e3f87  |t 0 
952 f f |p ric  |a Texas A&M University  |b Rellis Campus  |c Joint Library Facility  |d Remote Storage  |t 0  |e TN706 .C65 1967  |h Library of Congress classification  |i unmediated -- volume  |m A14805582232 
998 f f |a TN706 .C65 1967  |t 0  |l Remote Storage